01032nam a2200265 a 450000100060000000300080000600500170001400800410003102000220007203500190009404000230011304100080013608200290014424501050017326000860027830000320036450400410039665000510043765000360048870000300052470000270055494200120058199900170059395201560061058703BD-RjUL20211209080641.0161219s1980 txu b 000 0 eng  a0256022011 (pbk.) a(BD-RjUL)58827 aDLCcDLCdDLCbeng aeng00a332.10973219bFIF 1980 00aFinancial institutions and markets in a changing world /cedited by Donald R. Fraser, Peter S. Rose. aDallas, Tex. :bBusiness Publications ;aGeorgetown, Ont. :bIrwin-Dorsey,c1980. ax, 550 p. :bill. ;c23 cm. aIncludes bibliographical references. 0aFinancial institutionszUnited States.9174485 0aFinancezUnited States.91744861 aFraser, Donald R.91744871 aRose, Peter S.9174488 2ddccBK c58703d58703 00102ddc40718NFICaRUCLbRUCLcReadingd1983-08-22eTulip Enterprise, Dhakag13.95l0o332.10973 FIF 1980r2016-12-19 00:00:00tC-1w2016-12-19yBK